| 000 | 00671cam a2200229u 4500 | ||
|---|---|---|---|
| 999 |
_c23668 _d23668 |
||
| 001 | 6265087 | ||
| 003 | BDDh-ASL | ||
| 005 | 20231015030254.0 | ||
| 008 | 930709s1924 enk 000 0 eng | ||
| 010 | _atmp82032568 | ||
| 040 |
_aDLC _cCarP _dDLC _dBDDh-ASL |
||
| 050 | 0 | 0 |
_aPJ7803 _b.G53 |
| 082 |
_a921 _bGAA |
||
| 100 | 0 |
_aGhazzālī, _d1058-1111. |
|
| 240 | 1 | 0 |
_aMishkāt al-anwār. _lEnglish |
| 245 | 1 | 3 |
_aAl-Ghazzali's Mishkat al-anwar / _b("The niche for lights") |
| 260 |
_aLondon : _c1924. _bShaikh Muhammad Ashraf, |
||
| 300 |
_a175 p. : _b18 cm. |
||
| 740 | 0 | _aNiche for lights. | |
| 906 |
_a0 _bcbc _cpremunv _du _encip _f19 _gy-gencatlg |
||
| 942 |
_2ddc _cBK |
||